000
00184 a2200097 4500
001
8447
090
_c
6814
_d
6814
100
_a
Ridley, M. R.
245
_a
Antpmy & Cleopatra
260
_b
Methuen
942
_a
NUST-CAE
999
_c
243520
_d
243520